|
|
|
|
| LEADER |
01235nam a2200325 a 4500 |
| 001 |
c000326837 |
| 003 |
CARM |
| 005 |
20000606210452.0 |
| 008 |
760122s1976 nju 000 0 eng |
| 010 |
|
|
|a 76001825
|
| 019 |
1 |
|
|a 757591
|5 LACONCORD2021
|
| 020 |
|
|
|a 0810809109
|
| 035 |
|
|
|a (OCoLC)2020491
|5 LACONCORD2021
|
| 040 |
|
|
|a LC
|b eng
|c LC
|d SFU
|
| 043 |
|
|
|a e-uk-en
|
| 050 |
0 |
0 |
|a PN2596.L6
|b W37
|
| 082 |
0 |
4 |
|a 792/.09421/2
|
| 082 |
0 |
4 |
|a 792.094212
|2 21
|
| 082 |
0 |
4 |
|a 792/.09421/2
|2 21
|
| 100 |
1 |
|
|a Wearing, J. P.
|
| 245 |
1 |
4 |
|a The London stage, 1890-1899 :
|b a calendar of plays and players /
|c by J. P. Wearing.
|
| 260 |
|
|
|a Metuchen, N.J. :
|b Scarecrow Press,
|c 1976.
|
| 300 |
|
|
|a 2 v. (xiii, 1229 p.) ;
|c 23 cm.
|
| 505 |
0 |
|
|a v. 1. 1890-1896.--v. 2. 1897-1899, index.
|
| 650 |
|
0 |
|a Theater
|z England
|z London
|x Calendars.
|
| 852 |
8 |
|
|b CARM
|h A1:AL32F0
|i B10195
|p 0465787
|f BK
|
| 852 |
8 |
|
|b CARM
|h A1:AL32F0
|i B10195
|p 0465786
|f BK
|
| 999 |
f |
f |
|i 7b1616ed-120b-5d96-a02e-80249e6ebdfe
|s 215cac90-9c09-548c-b15c-8da91b21914d
|
| 952 |
f |
f |
|p Can circulate
|a CAVAL
|b CAVAL
|c CAVAL
|d CARM 1 Store
|e B10195
|f A1:AL32F0
|h Other scheme
|i book
|m 0465787
|
| 952 |
f |
f |
|p Can circulate
|a CAVAL
|b CAVAL
|c CAVAL
|d CARM 1 Store
|e B10195
|f A1:AL32F0
|h Other scheme
|i book
|m 0465786
|